Sváko Ragan z Brezovej

Bibliographic Details
Main Author: Šándor, Elo, 1896-1952 (Author, Compiler)
Other Authors: Šulc, Daniel (Author of introduction, etc.)
Format: Book
Language:Slovak
PhysicalDescription:352, [5] s. 8°
Published: Bratislava Tatran 1971
Series:Hviezdoslavova knižnica
Subjects:

MARC

LEADER 00000nam a2200000 a 4500
001 vtls008354778
003 SK-MaSNL
005 20260301164841.0
008 190102s1971 xo 000 slo
015 |a SKSNBA1971/05-01281 
035 |a SK01SNK19710046995 
035 |a SKM000049458 
040 |a SNK  |b slo  |c SNK  |e AACR2 
041 1 |a slo 
044 |a xo  |c SK 
080 |a 885.4-7  |2 1981 
100 1 |a Šándor, Elo,  |d 1896-1952  |4 aut  |4 com  |9 101888 
245 1 0 |a Sváko Ragan z Brezovej  |c Elo Šándor ; zost. a doslov nap. Daniel Šulc 
260 |a Bratislava  |b Tatran  |c 1971  |e Žilina  |f Pravda 
300 |a 352, [5] s.  |c 8° 
490 1 |a Hviezdoslavova knižnica  |v zv. 194 
500 |a Bibl. a jazyková pozn. Tit. dvojlist 
563 |a 13000 výtl. 
650 0 7 |a humoresky slovenské  |2 SNK  |9 532827 
655 7 |a umelecká literatúra  |2 SNKPH  |9 60405 
700 1 |a Šulc, Daniel  |4 aui  |9 280065 
830 0 |a Hviezdoslavova knižnica  |9 277055 
852 |a Slovenská národná knižnica v Martine  |b 10000  |h SC 27441 
852 |a Slovenská národná knižnica v Martine  |b 10000  |h SC 27441 D1 
919 |a viaz. 
958 |a TL 
958 |a RK 
958 |a LX 
958 |a NB 
958 |a OND 
999 |c 822014  |d 823944 
952 |a SNK  |b SNK  |y PREZ  |7 0  |p 17A0923269  |o snkSC 27441  |0 0  |1 0  |4 0  |d 2012-09-07  |l 0  |r 2025-09-11 00:00:00  |w 2026-02-24 
952 |t P60, <04>, [BOOK], {604}  |a SNK  |b SNK  |y VYP  |7 0  |p 17A0031949  |o snkSC 27441 D1  |0 0  |1 0  |4 0  |d 1997-01-22  |l 0  |r 2005-01-01 00:00:00  |w 2026-02-24